Normal view
MARC view
- Mottoni, Piero; Salvadori, Luigi De.
Entry Personal Name
001 - CONTROL NUMBER
- control field: 8533
003 - CONTROL NUMBER IDENTIFIER
- control field: NUST
005 - DATE AND TIME OF LATEST TRANSACTION
- control field: 20180117113621.0
008 - FIXED-LENGTH DATA ELEMENTS
- fixed length control field: 180117|| aca||aabn | a|a d
040 ## - CATALOGING SOURCE
- Original cataloging agency: NUST
- Transcribing agency: NUST
100 ## - HEADING--PERSONAL NAME
- Personal name: Mottoni, Piero; Salvadori, Luigi De.
670 ## - SOURCE DATA FOUND
- Source citation: Work cat.: (NUST)28786: Mottoni, Piero; Salvadori, Luigi De., Nonlinear differential equations :, 1981.
